Metodický postup pri spracovaní cvičnej úlohy z programovania zameranej na usústavnenie a upevnenie vedomostí, zručnosti a návykov Záverečná práca

Gespeichert in:
Bibliographische Detailangaben
1. Verfasser: Chudíková, Sabína
Körperschaft: Vysoká škola ekonomická v Bratislave. Národohospodárska fakulta
Weitere Verfasser: Vojtánek, Stanislav
Format: Buch
Sprache:Slowakisch
Veröffentlicht: Bratislava 1987
Tags: Tag hinzufügen
Keine Tags, Fügen Sie das erste Tag hinzu!

MARC

LEADER 00000nam a2200000 4500
001 c034501
005 20221219094717.7
041 0 |a slo 
044 |a SK 
245 1 0 |a Metodický postup pri spracovaní cvičnej úlohy z programovania zameranej na usústavnenie a upevnenie vedomostí, zručnosti a návykov  |b Záverečná práca  |c Sabína Chudíková ; Ved. práce Stanislav Vojtánek 
264 1 |a Bratislava  |c 1987 
300 |a 46 s. 
100 1 |a Chudíková, Sabína 
700 1 |a Vojtánek, Stanislav 
710 2 |a Vysoká škola ekonomická v Bratislave. Národohospodárska fakulta